|
|
|
|
| LEADER |
00727nam a2200217 i 4500 |
| 001 |
c000409262 |
| 003 |
CARM |
| 005 |
00000000000000.0 |
| 008 |
s1893 enk 000 0 eng d |
| 019 |
1 |
|
|a 2488988
|
| 040 |
|
|
|a VDU
|c VDU
|
| 082 |
0 |
4 |
|a 820.8
|
| 100 |
1 |
|
|a Barlow, Jane,
|d 1860-1917.
|
| 245 |
1 |
0 |
|a Irish idylls /
|c by Jane Barlow.
|
| 250 |
|
|
|a 3rd ed.
|
| 260 |
|
|
|a London :
|b Hodder and Stoughton,
|c 1893.
|
| 300 |
|
|
|a 284 p.
|
| 650 |
|
0 |
|a Ireland
|x Social life and customs
|x Fiction.
|
| 852 |
8 |
|
|b CARM
|h A3:AF10A0
|i A05647
|p 0567818
|f BK
|
| 999 |
f |
f |
|i 64ef5ad6-4fa4-5c98-a5f7-fef8ab3a017a
|s 63a2fb0b-6913-5c7d-b2d6-a32a8b952877
|
| 952 |
f |
f |
|p Can circulate
|a CAVAL
|b CAVAL
|c CAVAL
|d CARM 1 Store
|e A05647
|f A3:AF10A0
|h Other scheme
|i book
|m 0567818
|